000
00300pam a2200133 a 4500
020
_c
041
_h
082
_a
741.018
_b
MAR
100
_a
Judy Martin.
245
_a
Drawing with Colour
_h
Textual Documents
260
_a
[s.l]:
_b
Quantum books,
_c
2003.
300
_a
143:
_b
paper.
930
_a
4099
999
_c
237889
_d
237889